Acta Revisada de Contadora

Gespeichert in:
Bibliographische Detailangaben
Körperschaft: Grupo de Contadora
Format: Text
Veröffentlicht: Managua: Revista Pensamiento Propio
Tags: Tag hinzufügen
Keine Tags, Fügen Sie den ersten Tag hinzu!

MARC

LEADER 00000 a a2200000 04500
001 14102
003
040
090 |a 027400  
110 |a Grupo de Contadora  
245 |a Acta Revisada de Contadora  
260 |a Managua:   |b Revista Pensamiento Propio  
300 |a 16 p.  
999 |c 14135  |d 14135